Los bitcoins en primera persona (Registro nro. 10323)
[ vista simple ]
| 000 -LEADER | |
|---|---|
| fixed length control field | 00324 a2200109 4500 |
| 001 - CONTROL NUMBER | |
| control field | ART_50949 |
| 005 - DATE AND TIME OF LATEST TRANSACTION | |
| control field | 20260410161608.0 |
| 008 - FIXED-LENGTH DATA ELEMENTS--GENERAL INFORMATION | |
| fixed length control field | 260409a |
| 100 1# - MAIN ENTRY--PERSONAL NAME | |
| Personal name | Oubiña, Gabriel H. |
| 245 10 - TITLE STATEMENT | |
| Title | Los bitcoins en primera persona |
| 773 0# - HOST ITEM ENTRY | |
| Title | Profesional & Empresaria |
| Related parts | - Año XXI, Nº 246 (mar. 2020) |
| Record control number | REV70 |
No hay ítems disponibles.